000 02818nam0a2200385 4500
001 RU\NLR\BIBL_A\011626327
005 20260408083534.0
010 _a978-5-7584-0236-8
035 _a(NLR Aleph) 011626327
090 _a11009982
_c11009982
100 _a20180212d2017 |||y0rusy50 ca
101 0 _arus
_deng
102 _aRU
105 _aa|||z|||000zy
200 1 _aПроблемы конструирования идентичности россиян в дискурсе СМИ под влиянием концепта "информационная война"
_dProblems of russian people identity construction in mass media discource influenced by the "information warfare" concept
_e[монография
_fАсташова Ольга Игоревна, Булатова Элина Валерьевна, Енина Лидия Владимировна, кандидаты филологических наук, доценты и др.
_gредколлегия: Э.В. Чепкина, доктор филологических наук, профессор (ответственный редактор) и др.]
_gМинистерство образования и науки Российской Федерации, Уральский федеральный университет имени первого Президента России Б.Н. Ельцина
_zeng
210 _aМосква
_aЕкатеринбург
_cКабинетный ученый
_d2017
215 _a190, [4] с.
_cил., табл.
_d21
300 _aАвт. указаны в конце кн.
300 _aРез. англ.
320 _aБиблиогр.: с. 182-190
510 1 _aProblems of russian people identity construction in mass media discource influenced by the "information warfare" concept
_zeng
606 1 _aНациональная идентичность
_yРоссийская Федерация
_92393525
_3RU\NLR\AUTH\661427200
606 1 _aРусский язык
_xМедиадискурс
_92253911
_3RU\NLR\AUTH\6601582163
686 1 _aТ3(2)74-72
686 1 _aШ141.12-70
701 1 _aАсташова
_bО. И.
_gОльга Игоревна
701 1 _aБулатова
_bЭ. В.
_gЭлина Валерьевна
701 1 _7ca
_8rus
_aЕнина
_bЛ. В.
_gЛидия Владимировна
_9248120
_3RU\NLR\AUTH\770248176
702 1 _aЧепкина
_bЭ. В.
_gЭлина Владимировна
_4340
712 0 2 _4570
_aУральский федеральный университет им. первого Президента России Б. Н. Ельцина
_cЕкатеринбург
_3RU\NLR\AUTH\8810168127
_9832088
942 _cBOOK
980 _aNB